Logistické centrá - možnosti, požiadavky a podmienky fungovania na Slovensku dizertačná práca

Guardado en:
Detalles Bibliográficos
Autor principal: Boorová, Brigita, 1979-
Autor Corporativo: Fakulta podnikového manažmentu EU. Katedra manažmentu výroby a logistiky - zrušená
Otros Autores: Dupaľ, Andrej
Formato: Libro
Lenguaje:eslovaco
Publicado: Bratislava 2013
Materias:
Etiquetas: Agregar Etiqueta
Sin Etiquetas, Sea el primero en etiquetar este registro!

MARC

LEADER 00000nbm a2200000 4500
001 0176254
005 20240502073014.8
041 0 |a slo 
044 |a SK 
245 1 0 |a Logistické centrá - možnosti, požiadavky a podmienky fungovania na Slovensku  |b dizertačná práca  |c Brigita Boorová ; školiteľ: Andrej Dupaľ 
264 1 |a Bratislava  |c 2013 
300 |a 132 s. 
610 2 0 |a centrá logistické 
610 2 0 |a služby logistické 
610 2 0 |a logistika distribučná 
610 2 0 |a logistika 
610 2 0 |a Slovensko 
100 1 |a Boorová, Brigita, 1979- 
700 1 |a Dupaľ, Andrej 
710 2 |a Fakulta podnikového manažmentu EU. Katedra manažmentu výroby a logistiky - zrušená